000
00304nam a22001337a 4500
020
_a
0-7214-05285
082
_a
823
_b
HUA/P
100
_a
HUNIA FRAN
245
_a
THE PIED PIPER OF HAMELIN
_b
READ IT YOURSELF
260
_a
UK
_b
LADY BIRD
300
_a
52
650
_a
ENGLISH SHORT STORY
_z
UK
942
_c
BK
999
_c
2277
_d
2277